American literature / (Record no. 9077)
[ view plain ]
| 000 -LEADER | |
|---|---|
| fixed length control field | 00779nam a2200277 a 4500 |
| 001 - CONTROL NUMBER | |
| JCCL Control Number | 9077 |
| 003 - CONTROL NUMBER IDENTIFIER | |
| JCCL marc code | BD-JhCC |
| 005 - DATE AND TIME OF LATEST TRANSACTION | |
| control field | 20180925120548.0 |
| 008 - FIXED-LENGTH DATA ELEMENTS--GENERAL INFORMATION | |
| fixed length control field | 180305s1935 nyua 001 0 eng d |
| 035 ## - SYSTEM CONTROL NUMBER | |
| system control number | (BD-JhCC)9077 |
| 035 ## - SYSTEM CONTROL NUMBER | |
| system control number | 110064 |
| 040 ## - CATALOGING SOURCE | |
| Original cataloging agency | BD-JhCC |
| Transcribing agency | ANL |
| Modifying agency | BD-JhCC |
| 041 ## - LANGUAGE CODE | |
| Language code of Book | eng |
| 050 00 - LIBRARY OF CONGRESS CALL NUMBER | |
| Classification number | PS507 |
| Item number | .B4 |
| 082 04 - DEWEY DECIMAL CLASSIFICATION NUMBER | |
| Classification number | 810.822 |
| Author mark and Year | BEN 1935 |
| 100 1# - MAIN ENTRY--PERSONAL NAME | |
| Personal name | Bennett, Henry Garland, |
| Dates associated with a name | 1886-1951. |
| 245 10 - TITLE STATEMENT | |
| Title | American literature / |
| Statement of responsibility, etc | by Henry Garland Bennett. |
| 260 ## - PUBLICATION, DISTRIBUTION, ETC. (IMPRINT) | |
| Place of publication, distribution, etc | New York, |
| Name of publisher, distributor, etc | American book company |
| Date of publication, distribution, etc | [c1935] |
| 300 ## - PHYSICAL DESCRIPTION | |
| Pagination | ix, 608 p. |
| Dimensions | 24 cm. |
| 490 1# - SERIES STATEMENT | |
| Series statement | Literature for the high school |
| 504 ## - BIBLIOGRAPHY, ETC. NOTE | |
| Bibliography, etc | Includes bibliographies. |
| 650 #0 - SUBJECT ADDED ENTRY--TOPICAL TERM | |
| Topical term or geographic name as entry element | American literature. |
| 830 #0 - SERIES ADDED ENTRY--UNIFORM TITLE | |
| Uniform title | Literature for the high school. |
| 942 ## - ADDED ENTRY ELEMENTS (KOHA) | |
| Source of classification or shelving scheme | Dewey Decimal Classification |
| Koha item type | Books |
| Source of classification or shelving scheme | Damaged status | Not for loan | Home library | Current library | Shelving location | Total Checkouts | Full call number | Barcode | Date last seen | Copy number | Koha item type |
|---|---|---|---|---|---|---|---|---|---|---|---|
| Dewey Decimal Classification | JCC Rouf Library | JCC Rouf Library | General Stacks | 810.822 BEN 1935 | 12097 | 03/08/2018 | C - 1 | Books |